| 000 | 01691nam a2200265Ia 4500 | ||
|---|---|---|---|
| 999 |
_c54151 _d54151 |
||
| 001 | 21207 | ||
| 003 | GE_BSU | ||
| 005 | 20210803133155.0 | ||
| 008 | 181216s2012|||| |||||||||||||| ||geo|| | ||
| 020 | _a9789941048043 | ||
| 041 | _ageo | ||
| 080 | _a31:316 ნ-36 | ||
| 100 |
_aნაჩმიასი, ჩავა. _95062 |
||
| 245 |
_aსოციალური სტატისტიკა _bმრავალფეროვანი საზოგადოებისათვის / _c ჩავა ფრანკფორტ ნაჩმიასი ; ანა ლეონ-გერერო ; მთარგმნ. : მარინე მინდორაშვილი, გიორგი ყუფარაძე ; რედ. ქეთევან მარშავა. |
||
| 250 | _aმეექვსე გამოცემა | ||
| 264 |
_aთბილისი : _bთბილ. უნტ-ის გამ-ბა, _c2012. |
||
| 300 |
_a634 გვ .: _c23 სმ. |
||
| 520 | _aდაფინანსებულია საქართველოში აშშ-ის საელჩოს წიგნების თარგმნის პროგრამის ფარგლებში. | ||
| 653 | _aსოციალური სტატისტიკა | ||
| 653 | _aსტატისტიკა | ||
| 700 |
_aმინდორაშვილი, მარინე _eმთარგმნელი _95063 |
||
| 700 |
_aყუფარაძე, გიორგი _eმთარგმნელი _95064 |
||
| 700 |
_aმარშავა, ქეთევან _eრედაქტორი _95065 |
||
| 942 |
_cBK _2udc |
||